[Event "Coupe Loubatière - Phase Départementale"]
[Site "?"]
[Date "2021.11.11"]
[Round "1"]
[White "Tesoka, Léo"]
[Black "Freire Leroux, Alfredo"]
[Result "1-0"]
[WhiteElo "1100"]
[BlackElo "1199"]
[Annotator "Analyse tactique 4.0 (6s)"]
[PlyCount "52"]
[WhiteTeam "Segré"]
[BlackTeam "Cholet"]

{[%evp 9,52,28,68,45,63,69,208,132,122,132,139,130,145,147,184,178,269,138,133,
133,141,135,169,116,153,96,86,99,140,-39,183,206,169,188,195,107,944,940,998,
671,1004,1022,918,842,1927]} 1. d4 d5 2. Bf4 c6 3. e3 e6 4. c3 h5 {[#]} 5. h4
$146 ({Prédécesseur:} 5. h3 Bd6 6. Bxd6 Qxd6 7. Nf3 h4 8. Nbd2 Nd7 9. Bd3 e5
10. dxe5 Nxe5 11. Nxe5 Qxe5 {0-1 (47) Sigurvaldason,H (1499)-Sigurthorsson,K 
(1744) Reykjavik 2018}) 5... g6 6. Bd3 {D00: Partie du Pion Dame.} Bg7 7. Nd2
f6 {[%eval 208,19]} (7... Nf6 $14 {[%eval 69,18]}) 8. Ngf3 {Les Blancs sont
nettement mieux.} Ne7 9. Qc2 Kf7 10. O-O-O Nd7 11. e4 Qa5 12. a3 c5 {[%eval
269,20]} (12... e5 $142 {[%eval 178,19]}) 13. e5 {[%eval 138,19]} (13. exd5 $18
{[%eval 269,20]} exd5 14. Bd6) 13... c4 $16 14. exf6 Bxf6 15. Be2 Nc6 16. Bg5 {
[%eval 116,18]} ({les Blancs devraient jouer} 16. g4 $18 {[%eval 169,19]})
16... e5 17. Bxf6 {[%eval 96,22]} (17. dxe5 $142 {[%eval 153,22]} Ndxe5 18.
Bxf6 Kxf6 19. Nxe5 Nxe5 20. Nf3) 17... Kxf6 18. dxe5+ Ndxe5 {[%eval 140,20]} ({
Meilleur est} 18... Kg7 {[%eval 99,21]}) 19. Nd4 $2 {[%eval -39,20] [#]} (19.
Nxe5 $16 {[%eval 140,20]} Nxe5 20. Nf3) 19... Bf5 {[%eval 183,21]} (19... Nxd4
$15 {[%eval -39,20] reste devant.} 20. cxd4 Nc6) 20. Nxf5 $18 gxf5 21. Nf3 Rad8
22. Nd4 {[%eval 107,21]} (22. Kb1 $18 {[%eval 195,17]}) 22... Qc5 $2 {[%eval
944,19][%mdl 8192]} (22... Nxd4 $16 {[%eval 107,21]} 23. Rxd4 Nc6) 23. Qxf5+ {
[%mdl 64] [#] Attaque double. Les Blancs sont clairement gagnants.} Ke7 24.
Qe6+ Kf8 25. Qf6+ Kg8 26. Ne6 {[%csl Ge6][%cal Rf6g7]} Rd7 {Valeur d'erreur
pondérée: Blancs=0.42/Noirs=0.64} 1-0

[Event "Coupe Loubatière - Phase Départementale"]
[Site "?"]
[Date "2021.11.11"]
[Round "2"]
[White "Triau, Stéphane"]
[Black "Tesoka, Tom"]
[Result "0-1"]
[WhiteElo "1199"]
[BlackElo "1209"]
[Annotator "Analyse tactique 4.0 (6s)"]
[PlyCount "60"]
[WhiteTeam "Angers"]
[BlackTeam "Segré"]

{[%evp 11,59,46,90,29,31,-32,162,100,118,28,56,-21,47,-68,-75,-79,-87,-192,
-210,-236,-240,-308,-312,-1370,-1359,-1664,-1648,-1700,-1675,-1806,-1566,-2120,
-2111,-2079,-2104,-3651,-2684,-29992,-29993,-29993,-29993,-29994,-29995,-29995,
-3148,-29997,-3336,-29997,-29998,-29999]} 1. e4 e5 2. Nf3 Nf6 3. Nc3 Nc6 4. Bb5
d6 5. d4 Bd7 6. O-O a6 {[%eval 90,21]} (6... exd4 $14 {[%eval 46,20] est plus
approprié.} 7. Nxd4 Be7) 7. Ba4 {[%eval 29,21] C66: Partie espagnole (défense
berlinoise avec 4...d6).} ({Meilleur est} 7. Bxc6 $16 {[%eval 90,21]} Bxc6 8.
dxe5 Nxe4 9. Nxe4 Bxe4 10. Ng5) 7... b5 {[%tqu "En","","","","d4e5","",10]} 8.
Bb3 {[%eval -32,20]} (8. dxe5 $1 $14 {[%eval 31,20]} Nxe5 9. Bb3) {[%tqu "En",
"","","","c6d4","",10]} 8... b4 $2 {[%eval 162,21] [#]} (8... Nxd4 $1 $15 {
[%eval -32,20] reste devant.} 9. Nxd4 exd4) 9. Nd5 {[%eval 100,18] [#]} ({
les Blancs devraient essayer} 9. Ng5 $18 {[%eval 162,21]} bxc3 10. Nxf7 {
[%mdl 64] Attaque double}) 9... Be7 $146 ({Prédécesseur:} 9... Nxe4 10. Re1
Bf5 11. Ba4 Bd7 12. Rxe4 Be7 13. Nxe7 Nxe7 14. Bxd7+ Qxd7 15. dxe5 O-O 16. exd6
cxd6 {1-0 (27) Butschek,T (1431)-Wipplinger,C (1106) Winterberg 2002}) {
[%tqu "En","","","","d4e5","",10]} 10. Bd2 {[%eval 28,20]} (10. dxe5 $1 $16 {
[%eval 118,20]} dxe5 11. Bg5 (11. Nxe7 Qxe7 12. Bg5 O-O $16)) 10... a5 11. Ng5
{[%eval -21,20]} (11. Nxe7 $14 {[%eval 56,18]} Qxe7 12. d5) {[%tqu "En","","",
"","e8g8","",10]} 11... Nxd5 {[%eval 47,21]} (11... O-O $1 $11 {[%eval -21,20]}
12. Nxe7+ Qxe7) 12. Nxf7 {[%eval -68,21]} (12. Bxd5 $14 {[%eval 47,21]} Bxg5
13. Qh5 {[%mdl 64] Attaque double}) 12... Kxf7 $15 {Les Blancs sont sur le
point de perdre.} 13. Bxd5+ Ke8 14. Qf3 {[%eval -192,22]} (14. dxe5 $17 {
[%eval -87,19] est une meilleure défense.} Nxe5 15. Bxa8 Qxa8 16. Re1) 14...
Bf6 $19 15. dxe5 Nxe5 16. Qh5+ g6 17. Bf4 $2 {[%eval -1370,18]} (17. Qe2 {
[%eval -312,21]} c6 18. Bb3) 17... gxh5 18. Rfe1 c6 19. Bb3 a4 20. Rad1 Qe7 21.
Rd3 Nxd3 {[%mdl 64] [#] Attaque à la découverte} 22. cxd3 axb3 23. e5 dxe5
24. d4 exf4 {[%cal Re7e1]} 25. Rxe7+ Kxe7 26. h3 bxa2 27. g4 a1=Q+ 28. Kh2 c5 {
[%eval -3336,5]} (28... Qf1 $142 {[%eval -32761,8]} 29. gxh5 Qxh3+ {[%mdl 64]
Attaque double} 30. Kg1 Rhg8#) 29. dxc5 Bc6 {[%csl Gc6][%cal Ra1h1]} 30. h4
Qh1# {Valeur d'erreur pondérée: Blancs=1.76/Noirs=0.82} 0-1

[Event "Coupe Loubatière - Phase Départementale"]
[Site "?"]
[Date "2021.11.11"]
[Round "3"]
[White "Tesoka, Tom"]
[Black "Lecour Grandmaison, Louis"]
[Result "1-0"]
[WhiteElo "1099"]
[BlackElo "1047"]
[Annotator "Analyse tactique 4.0 (6s)"]
[PlyCount "57"]
[WhiteTeam "Segré"]
[BlackTeam "Angers"]

{[%evp 9,56,-7,-11,-32,-3,-35,14,-2,0,-15,5,0,0,0,0,0,13,8,33,35,26,17,14,48,
125,61,66,67,67,69,116,117,243,250,235,226,201,-58,-47,-155,-138,-96,1202,1027,
1223,1235,1067,494,29999]} 1. d4 d5 2. c4 e6 3. Nc3 Nf6 4. g3 Bb4 5. Bg2 O-O 6.
Bd2 {E20: Défense Nimzo-indienne.} Nc6 7. Nf3 h6 {[%eval 14,19]} (7... dxc4 $15
{[%eval -35,19]} 8. e3 Re8) 8. cxd5 {La position est équilibrée.} exd5 {[#]}
9. a3 $146 ({Prédécesseur:} 9. O-O Re8 10. Re1 Bf5 11. Qb3 Bxc3 12. Bxc3 Rb8
13. Ne5 Nxe5 14. dxe5 Ne4 15. Rad1 {1-0 (31) Tsamourlides,G-Constantinides,M
Lefkosia 2010}) 9... Ba5 10. b4 {[%cal Bb2b4,Bb4b5][%mdl 32]} Bb6 11. e3 Re8
12. O-O Bg4 13. h3 $36 {[%mdl 2048] Les Blancs ont l'initiative.} Bh5 14. g4
Bg6 15. b5 Na5 16. Ne5 Be4 {[%eval 125,22]} (16... a6 $14 {[%eval 48,18]}) 17.
f3 {[%eval 61,21]} (17. Nxe4 $16 {[%eval 125,22]} Nxe4 18. Bxa5 Bxa5 19. Bxe4
dxe4 20. Qb3) 17... Bh7 $14 18. f4 c6 19. g5 {[%tqu "En","","","","f6d7","",10]
} hxg5 {[%eval 116,21]} (19... Nd7 $1 $14 {[%eval 69,20] est supérieur.}) 20.
fxg5 $16 Nd7 {[%eval 243,21]} (20... Rxe5 $16 {[%eval 117,21] continue la
lutte.} 21. dxe5 Nd7) 21. Nxf7 $18 Qe7 22. Qh5 {[#] Menace fortement g6.} Qe6 {
Les Blancs doivent éviter ...Cb3.} 23. e4 $2 {[%eval -58,21]} ({Meilleur est} 
23. bxc6 $18 {[%eval 201,21]} bxc6 24. Nxd5 cxd5 25. g6 {[%mdl 64] Attraction}
Qxg6 26. Qxd5 {[%mdl 64] Attaque double}) 23... Bxd4+ {[%tqu "En","","","",
"g1h1","",10]} 24. Kh2 {[%eval -155,21]} (24. Kh1 $1 $15 {[%eval -47,22]} Qg6
25. Qg4) 24... Ne5 {[%cal Re5f7]} 25. exd5 Qd7 {[%eval 1202,20][%mdl 8192]} (
25... Qg6 $17 {[%eval -96,19]} 26. Qxg6 Bxg6 27. dxc6 Nxf7 28. cxb7 Rab8) {
[%tqu "En","","","","g5g6","",10]} 26. g6 $1 {[%mdl 512]} Nxg6 27. Ng5 {
[%csl Gg5][%cal Rh5h7]} Nf8 {[%tqu "En","","","","f1f8","",10]} 28. Rxf8+ $1 {
[%mdl 576] [#] Eliminer défenseur} Rxf8 {[%eval 32766,6]} (28... Kxf8 $18 {
[%eval 494,5]} 29. Qxh7 Be5+ 30. Kh1 Ke7) 29. Qxh7# {Valeur d'erreur
pondérée: Blancs=0.32/Noirs=0.50} 1-0

[Event "Départementale 49"]
[Site "?"]
[Date "2021.11.14"]
[Round "2.1"]
[White "Chailloux, Steve"]
[Black "Julienne, Stéphane"]
[Result "0-1"]
[WhiteElo "1399"]
[BlackElo "1309"]
[Annotator "Analyse tactique 4.0 (6s)"]
[PlyCount "92"]
[EventDate "2021.??.??"]
[WhiteTeam "Segré 3"]
[BlackTeam "Angers 3"]

{[%evp 9,92,20,32,14,20,2,8,13,-1,1,0,-26,-33,-21,-32,-55,14,-104,14,-13,0,0,
43,20,9,0,-19,0,30,78,61,92,71,0,-11,0,90,0,0,0,0,0,0,-48,-54,-45,0,-22,0,-169,
-73,-200,-202,-205,-196,-325,-337,-403,-349,-402,-400,-816,-700,-809,-677,
-1231,-826,-1239,-1292,-1394,-1252,-1420,-1022,-972,-1012,-1032,-765,-1924,
-1934,-29981,-1954,-29983,-29983,-29985,-29985]} 1. e4 c5 2. Nf3 Nc6 3. c3 d5
4. exd5 Qxd5 5. d4 Bg4 6. Be3 {B22: Défense sicilienne (variante Alapine).}
Bxf3 7. Qxf3 Qxf3 8. gxf3 {La position est équilibrée.} cxd4 9. cxd4 e6 10.
Bb5 Bb4+ 11. Nc3 Nge7 {[#]} 12. O-O-O $146 ({Prédécesseur:} 12. a3 Ba5 13. b4
Bb6 14. Na4 O-O-O 15. Nxb6+ axb6 16. Rc1 Kb8 17. Rg1 g6 18. Rc4 {0-1 (62)
Brankovic,V (2108)-Simonovic,M (2219) Belgrade 2018}) 12... Rc8 {[%eval 14,20]}
(12... O-O $15 {[%eval -55,19]}) {[%tqu "En","","","","d4d5","",10]} 13. a3 {
[%eval -104,21]} (13. d5 $1 $11 {[%eval 14,20]} Nxd5 14. Nxd5 exd5 15. Rxd5)
13... Ba5 {[%eval 14,22]} (13... Bxc3 $17 {[%eval -104,21]} 14. bxc3 a6) 14. b4
Bb6 15. d5 exd5 {[%eval 43,21]} (15... Bxe3+ $11 {[%eval 0,23]} 16. fxe3 exd5)
16. Bxb6 $14 axb6 17. Rhe1 O-O 18. Kb2 Rfd8 (18... d4 $5 {[%cal Rd4c3]} 19. Na4
Nd5 $11) 19. Bxc6 Nxc6 20. Nxd5 {Menace fortement b5.} b5 21. Nb6 {[%eval -11,
22]} ({Meilleur est} 21. a4 $16 {[%eval 71,21]} bxa4 22. b5) 21... Rxd1 $11 22.
Rxd1 {[%mdl 4096] Finale RTC-RTC} Rc7 {[%eval 90,21]} (22... Re8 $11 {[%eval 0,
22] assure la nulle.}) 23. Nd7 {[%eval 0,24]} (23. Nd5 $16 {[%eval 90,21]} Rc8
24. Nc3) 23... f6 24. f4 Kf7 25. Nc5 Re7 26. Rd7 {[%eval -48,26]} (26. Kc3 $11
{[%eval 0,21]}) 26... Rxd7 $15 27. Nxd7 {RC-RC} Ke7 {[%tqu "En","","","",
"d7c5","",10]} 28. Nc5 b6 29. Nd3 {[%eval -169,25]} (29. Ne4 $11 {[%eval 0,24]}
) 29... Kd6 {[%eval -73,25]} (29... Ke6 $19 {[%eval -169,25] est plus incisif.}
30. Kc3 Kf5) 30. f3 {[%eval -200,26] Ce coup perd la partie pour les Blancs.} (
30. Nc1 $17 {[%eval -73,25]}) 30... Kd5 31. Kc3 Nd4 32. Kb2 {[%eval -325,23]} (
32. Nc1 {[%eval -196,25] était nécessaire.}) 32... Nxf3 $19 33. h3 f5 34. Kb3
Ke4 35. Nb2 {[%eval -816,24]} (35. Kc2 $142 {[%eval -400,25]}) 35... Kxf4 {
[#] ...g5 est la forte menace.} 36. a4 bxa4+ 37. Kxa4 Nd4 38. b5 g5 39. Nc4 Ke4
40. Nxb6 {[%tqu "En","","","","d4b5","",10]} Nxb5 $1 {[%mdl 512]} 41. Kxb5 {
RC-R3p} Kf3 42. Kc4 h5 {[#] Menace de gagner avec ...g4.} 43. Nd5 g4 44. hxg4
fxg4 45. Kd3 g3 46. Ne3 h4 {Valeur d'erreur pondérée: Blancs=1.22/Noirs=0.47}
0-1

[Event "Départementale 49"]
[Site "?"]
[Date "2021.11.14"]
[Round "2.2"]
[White "Delattre, Julien"]
[Black "Cottier, Bryan"]
[Result "1-0"]
[WhiteElo "1199"]
[BlackElo "1044"]
[PlyCount "69"]
[EventDate "2021.??.??"]
[WhiteTeam "Angers 3"]
[BlackTeam "Segré 3"]

{[%evp 10,69,44,38,70,49,49,18,22,31,29,24,73,21,15,23,33,34,35,0,18,0,0,-103,
-96,-110,-114,-111,-66,-100,-51,-55,-27,-114,25,25,79,76,106,76,75,70,102,33,
236,210,227,228,229,241,229,176,268,232,298,300,282,256,347,327,507,353]} 1. d4
d5 2. c4 dxc4 3. e3 Nf6 4. Bxc4 Bf5 5. Nc3 e6 6. Nf3 c5 {D24: Gambit Dame
accepté (avec 4.Cc3).} 7. O-O Nc6 8. Bb5 {[#]} Bd6 $146 {La position est
équilibrée.} ({Prédécesseur:} 8... Qc7 9. Qa4 Be7 10. Ne5 O-O 11. Nxc6 bxc6
12. Bxc6 Rab8 13. a3 Rfd8 14. Bf3 e5 15. dxe5 Qxe5 {1/2-1/2 (23) Gajdosik,A 
(2039)-Adamcik,R (2046) Slovakia 2012}) 9. dxc5 Bxc5 10. Qa4 {Menace de gagner
avec e4.} Qc7 {[%eval 73,21]} (10... Qb6 $11 {[%eval 24,21]}) 11. Rd1 {[%eval
21,20]} (11. e4 $16 {[%eval 73,21]} Bg6 12. Bf4) 11... O-O $11 12. Bxc6 Qxc6
13. Qxc6 bxc6 14. h3 Rad8 15. Rxd8 Rxd8 16. a3 {[%eval -103,21]} (16. Bd2 $11 {
[%eval 0,19]}) 16... Ne4 $17 {Menace fortement ...Cxc3.} 17. Kf1 Nxc3 18. bxc3
Rd1+ {[%eval -66,23]} (18... Be4 $17 {[%eval -111,20]} 19. a4 Be7) 19. Ke2 $15
Rd3 {[%eval -51,21]} (19... Rh1 $17 {[%eval -100,22]} 20. a4 Bd6) 20. Bb2 f6 (
20... Rd7 {maintient la tension.} 21. Ne5 Rb7 22. Bc1 f6 23. Nxc6 Be4) 21. Nh4
{[%eval -114,24]} (21. Nd4 $11 {[%eval -27,22] maintient l'égalité.} Bxd4 22.
exd4) 21... Rd5 {[%eval 25,22]} (21... Be4 $17 {[%eval -114,24]} 22. a4 Rd7)
22. Nxf5 $11 Rxf5 {[%eval 79,23][%mdl 4096] Finale RTF-RTF} (22... exf5 $11 {
[%eval 25,23]} 23. a4 Re5) 23. c4 $16 {[%cal Bc3c4,Bc4c5][%mdl 32]} e5 24. Bc3
Rg5 25. g3 h5 26. Bb4 {[%eval 33,23]} (26. e4 $16 {[%eval 102,20]}) 26... Bb6
$2 {[%eval 236,25] [#] Perd la partie.} ({les Noirs devraient jouer} 26... e4
$14 {[%eval 33,23]}) 27. c5 $18 Bd8 28. Rd1 Be7 29. Rd7 Kf7 30. Rxa7 h4 {
[%eval 268,22]} (30... e4 {[%eval 176,24] est une meilleure défense.} 31. Rc7
Ke8) 31. g4 {[#] Les Noirs doivent éviter e4.} f5 32. gxf5 Rxf5 33. Rc7 Ke8
34. Rxc6 Kd7 {[%eval 507,22]} (34... e4 $142 {[%eval 327,24]} 35. Re6 Kd8 36.
Rxe4 g5) 35. Rg6 {Valeur d'erreur pondérée: Blancs=0.25/Noirs=0.52} 1-0

[Event "Départementale 49"]
[Site "?"]
[Date "2021.11.14"]
[Round "2.3"]
[White "Frasez, Romain"]
[Black "Medas, Pierre"]
[Result "0-1"]
[WhiteElo "1009"]
[BlackElo "1199"]
[PlyCount "69"]
[EventDate "2021.??.??"]
[WhiteTeam "Segré 3"]
[BlackTeam "Angers 3"]
[TimeControl "600"]

{[%evp 9,69,23,21,-2,14,5,11,24,32,25,31,21,34,25,63,60,80,81,84,37,75,35,32,
41,51,29,34,35,55,-18,118,127,126,68,111,110,107,69,118,18,136,96,173,198,233,
247,257,202,196,167,211,187,226,264,228,224,319,226,203,190,173,-29999]} {
Jouant pour la toute première fois en compétition j'abordais cette partie
avec beaucoup de stress. La partie était très équilibrée jusqu'au milieu
de jeu dans lequel j'ai fait plusieurs fautes successives qui auraient dû me
faire perdre. Cependant après plusieurs coups douteux de mon adversaire j'ai
essayé de lui tendre un dernier piège afin de profiter de son impatience et
ça a payé. J'ai finalement arraché la victoire et autant dire que je me
souviendrai longtemps de cette première partie !} 1. e4 c6 2. d4 d5 3. e5 Bf5
4. Nf3 e6 5. c3 Nd7 6. Be3 {B12: Défense Caro-Kann (variante d'avance).} Qb6 7.
Qb3 Qxb3 8. axb3 {[#]La position est équilibrée.} a6 $146 ({Prédécesseur:} 
8... Ne7 9. Be2 Nc8 10. O-O Be7 11. Nbd2 O-O 12. h4 f6 13. h5 fxe5 14. Nxe5
Nxe5 15. dxe5 {0-1 (36) List,R-Chen,W Wellington 2014}) 9. Be2 Rc8 10. b4 Ne7
11. O-O Be4 12. Nbd2 Bxf3 13. Nxf3 Nf5 14. Rad1 {[%eval 37,21]} (14. Bd2 $16 {
[%eval 84,19]}) 14... Be7 15. Bd3 Nxe3 16. fxe3 O-O 17. Rf2 f6 18. exf6 Nxf6
19. h3 {[%eval -18,19]} ({les Blancs devraient essayer} 19. Re1 $14 {[%eval 55,
19]}) 19... Ne4 {[%eval 118,24]} (19... Rce8 $11 {[%eval -18,19] maintient
l'égalité.}) 20. Bxe4 $16 dxe4 21. Ne5 {[%eval 68,22]} (21. Nd2 $16 {[%eval
126,24]}) 21... Rxf2 {[%eval 111,25]} (21... Bd6 $14 {[%eval 68,22]}) 22. Kxf2
$14 {[%mdl 4096] Finale RTF-RTC} Rf8+ 23. Kg1 Bf6 {[%eval 118,21]} (23... Bd6
$14 {[%eval 69,22]}) 24. Ng4 {[%eval 18,25]} (24. Nd7 $16 {[%eval 118,21]})
24... b5 {[%eval 136,23]} (24... Bh4 $11 {[%eval 18,25]}) 25. Nxf6+ $16 Rxf6 {
[%eval 173,26] RT-RT} (25... gxf6 $16 {[%eval 96,27]} 26. Kh2 h5) 26. Ra1 $18
Rf8 27. Rxa6 Rc8 28. b3 Kf7 29. c4 Ke7 {[%eval 211,22]} (29... bxc4 $142 {
[%eval 167,20]} 30. bxc4 Rb8) 30. Kh2 Kf6 31. Kg3 Kf5 32. Kh4 h6 {[%eval 319,
25]} (32... h5 {[%eval 224,25] valait d'être tenté.} 33. g4+ hxg4) 33. g4+
Kf6 34. Kh5 g6+ 35. Kh4 $18 {[%eval 173,5]} (35. Kxh6 $4 {[%eval -32765,6]
[%mdl 8192] [#]} Rh8# {Les Noirs ont profité de leur chance.  Valeur d'erreur
pondérée: Blancs=0.50/Noirs=0.34}) 0-1

[Event "Départementale 49"]
[Site "?"]
[Date "2021.11.14"]
[Round "2.4"]
[White "Leterre, Baptiste"]
[Black "Gadois, Arnaud"]
[Result "0-1"]
[WhiteElo "1199"]
[BlackElo "1204"]
[PlyCount "66"]
[EventDate "2021.??.??"]
[WhiteTeam "Angers 3"]
[BlackTeam "Segré 3"]

{[%evp 11,66,18,11,-31,6,0,3,-34,-28,-53,-54,-44,-41,-44,-40,-98,-31,-31,-16,0,
0,0,0,-7,-1,-36,-33,-47,-58,-62,-73,-81,-58,-63,-70,-61,-63,-132,-86,-89,-96,
-861,-859,-856,-857,-1108,-1106,-1119,-1099,-1249,-1219,-1313,-1291,-1433,
-1363,-1639,-1242]} {Mon adversaire a très bien joué. La position est
restée relativement égale jusqu'au dernier tiers de la partie où j'ai été
dominé. Néanmoins, j'ai senti bien avant que les choses allaient prendre une
mauvaise tournure : les Noirs prenaient de l'espace et j'avais du mal à
développer correctement mes pièces. Le coup de grâce : une fourchette m'a
fait perdre ma Tour, ce qui a été le début de l'hécatombe pour mes pièces
et pour mon Roi.} 1. e4 e5 2. Nf3 Nc6 3. d4 exd4 4. Nxd4 Bc5 5. Be3 Qf6 6. c3
Nge7 7. Qd3 {[%eval -31,18] C45: Partie écossaise.} (7. Bc4 $11 {[%eval 11,18]
était préférable.}) 7... d6 8. Nd2 O-O {[#]} 9. N2b3 $146 {La position est
équilibrée.} ({Prédécesseur:} 9. O-O-O Re8 10. h3 d5 11. f3 Ne5 12. Qb5 Nd7
13. g4 a6 14. Qe2 Qb6 15. h4 {1-0 (29) Polert,A-Schulze,T (869) Willingen 2006}
) 9... Bb6 10. Nxc6 Nxc6 11. Bxb6 axb6 {[%tqu "En","","","","f1e2","",10]} 12.
Be2 $1 Ne5 13. Qd4 {[%eval -98,20]} (13. Qe3 $15 {[%eval -40,20]}) 13... Be6 {
[%eval -31,21]} (13... Qg6 $17 {[%eval -98,20] Menace fortement ...Fe6.} 14. g3
Nc6) 14. O-O $15 Nd7 15. Qxf6 Nxf6 16. f3 Nd7 17. c4 Ne5 18. Nd2 f5 19. b3 Nc6
20. exf5 Bxf5 21. a4 Nd4 22. Bd1 Rfe8 23. Kf2 Re7 24. b4 {[%eval -132,21]} ({
Meilleur est} 24. Re1 $15 {[%eval -63,22]} Rxe1 25. Kxe1) 24... Nc6 {[%eval
-86,23]} (24... Rae8 $142 {[%eval -132,21]} 25. Ne4 Bxe4 26. fxe4 Rxe4) 25. b5
$17 Nb4 26. Re1 $2 {[%eval -861,22][%mdl 8192] Maintenant les Blanc sont
au-delà de tout espoir.} (26. Ne4 $17 {[%eval -96,19]}) 26... Nd3+ $19 {
[%mdl 64] [#] Attaque double. Les Noirs sont clairement gagnants.} 27. Kg3 Rxe1
28. Ne4 Bxe4 29. fxe4 Nb2 30. Ra3 Rxd1 31. Re3 Rxa4 32. e5 dxe5 33. Rxe5 Rxc4 {
Valeur d'erreur pondérée: Blancs=0.68/Noirs=0.13} 0-1

[Event "Départementale  Jeunes 49"]
[Site "Angers"]
[Date "2022.01.21"]
[Round "3.1"]
[White "Avril, Siddhartha"]
[Black "Vallognes, Bastien"]
[Result "1-0"]
[WhiteElo "1140"]
[BlackElo "1070"]
[Annotator "Analyse tactique 4.0 (6s)"]
[PlyCount "55"]
[EventDate "2021.??.??"]
[WhiteTeam "Angers Jeunes"]
[BlackTeam "CEBVA Jeunes"]

{[%evp 9,55,257,375,364,505,497,624,520,523,530,555,445,427,463,430,437,445,
450,536,550,545,439,431,207,415,411,402,417,545,139,145,157,176,113,587,603,
595,584,751,645,769,709,711,729,725,715,723,685]} 1. e4 e5 2. Nf3 Nc6 3. d4 Qe7
4. d5 Qb4+ 5. Nc3 Nd4 {[%eval 375,20]} (5... Nb8 {[%eval 257,17] était
nécessaire.} 6. Nxe5 Qe7) 6. Nxe5 $18 {C44: Début Ponziani.} Nf6 {prévoit ...
Cxe4.} 7. a3 Qb6 {[#]} 8. Be3 $146 ({Prédécesseur:} 8. Nc4 Qc5 9. b4 Nxc2+
10. Qxc2 Qd4 11. Be3 Qxc3+ 12. Qxc3 Nxe4 13. Qe5+ {1-0 (13) Rydl,J (1735)
-Hradecky,O (1250) Harrachov 2009}) 8... c5 9. dxc6 Bc5 10. b4 Nxc2+ 11. Qxc2
Bxe3 12. fxe3 ({Ne pas jouer} 12. Nc4 Bxf2+ 13. Qxf2 Qxf2+ 14. Kxf2 dxc6 $18)
12... Qxe3+ 13. Be2 dxc6 14. Nc4 Qg5 15. Nd6+ Ke7 16. Qd3 {[%eval 207,20]} (16.
Nd5+ $142 {[%eval 431,18]} cxd5 17. Qc5) 16... Qxg2 $2 {[%eval 415,20]} (16...
Rd8 {[%eval 207,20]}) 17. O-O-O ({Moins fort est} 17. Nxc8+ Rhxc8 18. O-O-O
Qg5+ 19. Kb1 Rd8 $18) 17... Qg5+ 18. Kb2 {[#] Et maintenant Cf5+ devrait
gagner.} Qe5 19. Nf5+ $2 {[%eval 139,21]} (19. Nc4 $18 {[%eval 545,20] et les
Blancs sont nettement en tête.} Qc7 20. Qd4) 19... Bxf5 $16 20. exf5 $40 {
[%mdl 128] Les Blancs attaquent avec force.} Rhd8 21. Qc2 {[%eval 113,19]} ({
les Blancs devraient essayer} 21. Qg3 $18 {[%eval 176,21]} Qxg3 22. hxg3) 21...
Ne4 $2 {[%eval 587,21][%mdl 8192] [#] Les Noirs ne peuvent plus tenir la
partie après cela.} (21... Kf8 $16 {[%eval 113,19] est plus difficile.}) 22.
Qxe4 $18 {Les Blancs sont clairement gagnants.} Qxe4 23. Nxe4 f6 24. Kc3 b5 25.
Rd3 Rxd3+ 26. Bxd3 a5 27. Rg1 axb4+ 28. Kxb4 {Valeur d'erreur pondérée:
Blancs=0.72/Noirs=0.99} 1-0